000 00444nam a22001697a 4500
003 OSt
005 20260416060823.0
008 260416b |||||||| |||| 00| 0 eng d
020 _a978-0-440-2418-2
040 _aDWCL-Main Lib
_cOC
082 _aFic. K56 2002
100 _aKinsella, Sophie
245 _aShopaholic takes Manhattan
260 _aNew York :
_bBantam Dell,
_cc2002.
300 _a386 p. ;
_c17 cm.
942 _2ddc
_cFIC.
_mFic.
_n0
999 _c9503
_d9503